Statistics for Island territories

Click here to take the quiz!

General Stats

  • This quiz has been taken 83 times
  • The average score is 18 of 19

Answer Stats

HintAnswer% Correct
Isle of ManUnited Kingdom
100%
Falklands (Islas Malvinas)United kingdom
99%
SardiniaItaly
97%
IbizaSpain
97%
Puerto RicoUSA
97%
CorsicaFrance
96%
Canary IslandsSpain
96%
MallorcaSpain
96%
AzoresPortugal
95%
MinorcaSpain
95%
BermudaUnited Kingdom
95%
GuamUSA
95%
RéunionFrance
92%
South Sandwich IslandsUnited Kingdom
92%
Faroe IslandsDenmark
91%
TahitiFrance
91%
Aruba, Bonaire, CuraçaoNetherlands
91%
SvalbardNorway
91%
New CaledoniaFrance
88%

Score Distribution

Percentile by Number Answered

Percent of People with Each Score

Your Score History

You have not taken this quiz